BUBT Library Online Catalog

অহিংসা / (Record no. 6132)

000 -LEADER
fixed length control field 00663nam a22001817a 4500
003 - CONTROL NUMBER IDENTIFIER
control field BUBTL
008 - FIXED-LENGTH DATA ELEMENTS--GENERAL INFORMATION
fixed length control field 191026b xxu||||| |||| 00| 0 eng d
020 ## - INTERNATIONAL STANDARD BOOK NUMBER
International Standard Book Number 984-70145-0107-0
082 ## - DEWEY DECIMAL CLASSIFICATION NUMBER
Classification number 891.443 / BAO
100 ## - MAIN ENTRY--PERSONAL NAME
9 (RLIN) 2266
Personal name বন্দ্যোপাধ্যায়, মানিক
245 ## - TITLE STATEMENT
Title অহিংসা /
Statement of responsibility, etc. মানিক বন্দ্যোপাধ্যায়
260 ## - PUBLICATION, DISTRIBUTION, ETC. (IMPRINT)
Place of publication, distribution, etc. ঢাকা :
Name of publisher, distributor, etc. দি স্কাই পাবলিশার্স,
Date of publication, distribution, etc. c2013
300 ## - PHYSICAL DESCRIPTION
Extent 144 p. :
Dimensions 22 cm.
650 #0 - SUBJECT ADDED ENTRY--TOPICAL TERM
9 (RLIN) 1687
Topical term or geographic name as entry element বাংলা সাহিত্য
856 ## - ELECTRONIC LOCATION AND ACCESS
Password 0
Logon 0
Link text Download
942 ## - ADDED ENTRY ELEMENTS (KOHA)
Source of classification or shelving scheme
Koha item type Books
Holdings
Withdrawn status Lost status Source of classification or shelving scheme Damaged status Not for loan Collection code Permanent location Current location Shelving location Date acquired Inventory number Total Checkouts Full call number Barcode Date last seen Date last checked out Copy number Price effective from Koha item type Checked out
          Fiction Bangladesh University of Business and Technology Library Bangladesh University of Business and Technology Library Fiction 10/24/2016 22717 1 891.443 / BAO BUBTL-200322717 08/21/2023 08/09/2023 C-1 10/26/2019 Books  
          Fiction Bangladesh University of Business and Technology Library Bangladesh University of Business and Technology Library Fiction 10/24/2016 22718 2 891.443 / BAO BUBTL-200322718 03/16/2020 03/16/2020 C-8 10/26/2019 Books 03/23/2020

More Information About Library

Library Hours

  • Open: 9.00 am. to 9.00 pm.
  • Only Sunday: 9.00 am. to 6.00 pm.
  • Closed: Holiday

Contact to the University

Bangladesh University of Business and Technology Library

  • Mirpurl-2, 1216.
  • Phone:
  • Fax:
  • E-Mail: admin.library@bubt.edu.bd

Contact to the Library

Contact Person:

Md. Abdul Hakim Shah
Joint Librarian
PABX No:  113
Cell No: 01816332931
E-mail: official: admin.library@bubt.edu.bd
Personal: hakim.shah@bubt.edu.bd


BUBT Library

Copyright © 2021